مكتبة جامعة عجلون الوطنية

فهرس بحث المكتبة

Normal view MARC view
  • التوجيه والارشاد-التربية-التعلم-علم النفس التربوي-الارشاد الاجتماعي

Entry Topical Term

Number of records used in: 1

001 - CONTROL NUMBER

  • control field: 31577

003 - CONTROL NUMBER IDENTIFIER

  • control field: JO-AjAnu

005 - DATE AND TIME OF LATEST TRANSACTION

  • control field: 20230606075321.0

008 - FIXED-LENGTH DATA ELEMENTS

  • fixed length control field: 230606|| aca||aabn | a|a d

040 ## - CATALOGING SOURCE

  • Original cataloging agency: JO-AjAnu
  • Transcribing agency: JO-AjAnu

150 ## - HEADING--TOPICAL TERM

  • Topical term or geographic name entry element: التوجيه والارشاد-التربية-التعلم-علم النفس التربوي-الارشاد الاجتماعي

670 ## - SOURCE DATA FOUND

  • Source citation: Work cat.: (JO-AjAnu)16212: الخالدي،عطا الله فؤاد, author 31576, علم النفس الإرشادي :الدليل في الإرشاد الجمعي (تطبيقات عملية)